| 000 | 00478pab a2200169 454500 | ||
|---|---|---|---|
| 008 | 180718b2005 xxu||||| |||| 00| 0 eng d | ||
| 100 | _aArora, Subhash C. | ||
| 245 | _aHaryana assembly elections 2005: an overview | ||
| 260 | _c2005 | ||
| 300 | _ap.43-54. | ||
| 362 | _aJan-Dec | ||
| 650 | _aHaryana. Legislative Assembly - Elections | ||
| 650 | _aElections | ||
| 700 | _aPrabhakar, R.K. | ||
| 773 | _aJournal of Constitutional and Parliamentary Studies | ||
| 909 | _a71938 | ||
| 999 |
_c71938 _d71938 |
||